000 00783nam a2200229 a 4500
005 20210223125355.0
008 040513s2001 es r 000 0 spa d
020 _a8449311462
035 _aUPN01000133433
049 _aCG
050 4 _aBJ301
_bR3.4
100 1 _aRawls, John,
_d1921-2002
_930875
245 1 0 _aLecciones sobre la historia de la filosofía moral /
_cJohn Rawls ; tr. de Andrés de Francisco ; comp. Bárbara Herman.
260 _aBarcelona, Esp. :
_bPaidós,
_c2001.
300 _a403 p.
440 0 _aPaidós básica ;
_v130
534 _pTraducción de:
_tLectures on the history of moral philosophy
650 4 _aETICA MODERNA -
_ySIGLO XVII
_917653
650 4 _aETICA MODERNA -
_ySIGLO XVIII
_917654
700 1 _aHerman, Bárbara,
_ecomp.
905 _aLibro
999 _c105584
_d105584